000 00399nam a2200145Ia 4500
008 211109s9999||||xx |||||||||||||| ||und||
082 _a894.8121
_bCHE-K
100 _aCherussery Nambuthiri,
245 0 _aKrishna Gatha
260 _bNATIONAL BOOKSTALL
_aKottayam
_c1906
300 _a48+95
630 _xGeneral Stack
650 _aMALAYALAM LITERATURE
_vMALAYALAMPOETRY
_xGeneralia
942 _cBOOK
999 _c17095
_d17095